|
|
|
|
| LEADER |
00000nam a2200000 a 4500 |
| 001 |
vtls001278169 |
| 003 |
SK-MaSNL |
| 005 |
20260302032511.0 |
| 008 |
240313s1985 xx 0 und |
| 035 |
|
|
|a SNK000229476
|
| 040 |
|
|
|a SNK
|b slo
|c SNK
|e AACR2
|
| 100 |
1 |
|
|a Potočný, Miroslav,
|d 1925-2001
|4 aut
|9 296121
|
| 245 |
1 |
|
|a Organizace spojených národů
|b Čtvrté desetiletí
|
| 260 |
|
|
|a Praha
|b Svoboda
|c 1985
|
| 300 |
|
|
|a 177 s.
|
| 958 |
|
|
|a OND
|
| 999 |
|
|
|c 1056972
|d 1058902
|
| 952 |
|
|
|t P60, <04>, [BOOK], {604}
|a SNK
|b SNK
|y VYP
|7 0
|p 17A0051447
|o snkIC 100588 D1
|0 0
|1 1
|4 0
|d 1997-02-28
|l 0
|r 2005-01-02 00:00:00
|w 2026-02-24
|
| 952 |
|
|
|t P60, <04>, [BOOK], {604}
|a SNK
|b SNK
|y VYP
|7 0
|p 17A0051393
|o snkIC 100588
|0 0
|1 0
|4 0
|d 1997-03-05
|l 0
|r 2005-01-02 00:00:00
|w 2026-02-24
|